00390nam a2200145Ia 4500003000400000005001700004008004100021040000900062082002000071100003500091245004400126260004500170300000900215650002000224OSt20201203111834.0190216s9999||||xx |||||||||||||| ||und|| coclc a894.8123bPIL/C aPillai, Thakazhi Shivashankara 0aChukku /cThakazhi Shivashankara Pillai bPoorna Publications,c1996.a Kozhikode: a118p aMalayalam Novel